000 00398nam a2200145Ia 4500
008 230917s9999||||xx |||||||||||||| ||und||
040 _e204173
_aMAIN
041 _aEnglish
082 _a005.133 G117S(4)
100 _aGaddis, Tony
245 0 _aStarting out with JAVA: From control structures through object
260 _aNew Delhi
_bPearson Education
_c2011
300 _a1001 p.
942 _cBK
999 _c172173
_d172173